[Event "XVII Festival A"]
[Site "Cesenatico ITA"]
[Date "2013.09.07"]
[Round "8"]
[White "Kljako, Damir"]
[Black "Drei, Andrea"]
[WhiteElo "2177"]
[BlackElo "2257"]
[Result "0-1"]
[PlyCount "128"]
[EventDate "2013.08.31"]

1. d4 Nf6 2. c4 e6 3. Nc3 Bb4 4. Bd2 O-O 5. a3 Bxc3 6. Bxc3 Ne4 7. Qc2 f5 8. e3
b6 9. Ne2 Bb7 10. f3 Nxc3 11. Nxc3 d6 12. Bd3 Qg5 13. Qd2 Nc6 14. O-O-O Na5 15.
Kc2 c5 16. dxc5 dxc5 17. h4 Qf6 18. Ne2 Bc6 19. b3 e5 20. Nc3 Rad8 21. Qf2 Qe6
22. Rb1 e4 23. Be2 f4 24. Rhe1 exf3 25. Bxf3 fxe3 26. Rxe3 Qg6+ 27. Kb2 Bxf3
28. gxf3 h6 29. Nd5 Nc6 30. Rg1 Qf7 31. Qg3 Rde8 32. Rge1 Kh7 33. Qd6 Rxe3 34.
Rxe3 Nd4 35. Ne7 Qf6 36. Qxf6 Rxf6 37. h5 Rxf3 38. Rxf3 Nxf3 39. b4 Ne5 40. Kb3
Nd7 41. Ng6 Kg8 42. bxc5 Nxc5+ 43. Kb4 Kf7 44. a4 Kf6 45. a5 Kg5 46. axb6 axb6
47. Kb5 Nd7 48. Kc6 Kxh5 49. Nf4+ Kg4 50. Nd3 Nf6 51. Kxb6 h5 52. c5 Nd7+ 53.
Kc6 Nxc5 54. Kxc5 Kg3 55. Kd4 h4 56. Ke3 h3 57. Nf2 h2 58. Nh1+ Kg2 59. Nf2 g5
60. Ke2 g4 61. Nxg4 h1=Q 62. Ne3+ Kg3 63. Nf1+ Kf4 64. Nd2 Qd5 0-1

[Event "XVII Festival A"]
[Site "Cesenatico ITA"]
[Date "2013.09.07"]
[Round "8"]
[White "Mrdja, Milan"]
[Black "Schacher, Gerd"]
[WhiteElo "2377"]
[BlackElo "2347"]
[Result "1/2-1/2"]
[PlyCount "54"]
[EventDate "2013.08.31"]

1. e4 c5 2. Nf3 d6 3. d4 cxd4 4. Nxd4 Nf6 5. Nc3 a6 6. h3 g6 7. g4 Bg7 8. Bg2
h5 9. g5 Nfd7 10. Be3 Nc6 11. O-O O-O 12. a4 Rb8 13. Re1 Re8 14. Nce2 Nc5 15.
c3 e5 16. Nxc6 bxc6 17. b4 Ne6 18. Qd2 a5 19. Rad1 Bf8 20. f4 axb4 21. cxb4
exf4 22. Nxf4 Nxf4 23. Bxf4 Qb6+ 24. Qd4 Qxb4 25. Bxd6 Bxd6 26. Qxd6 c5 27. a5
Be6 1/2-1/2

[Event "XVII Festival A"]
[Site "Cesenatico ITA"]
[Date "2013.09.07"]
[Round "8"]
[White "Naumkin, Igor"]
[Black "Peric, Slavisa"]
[WhiteElo "2445"]
[BlackElo "2197"]
[Result "1-0"]
[PlyCount "63"]
[EventDate "2013.08.31"]

1. d4 Nf6 2. c4 e6 3. Nf3 b6 4. g3 Ba6 5. b3 b5 6. cxb5 Bxb5 7. Bg2 d5 8. O-O
Nbd7 9. Nc3 Ba6 10. Bb2 Bd6 11. a3 c6 12. Re1 Bb7 13. e4 dxe4 14. Ng5 Be7 15.
Ngxe4 a5 16. Rc1 Nb6 17. Nxf6+ Bxf6 18. Ne4 Nd5 19. Nc5 Bc8 20. Qd3 O-O 21. Be4
g6 22. Qf3 Bg7 23. Rcd1 Rb8 24. h4 Qb6 25. Rc1 Rd8 26. h5 Bd7 27. hxg6 hxg6 28.
Kg2 Be8 29. Rh1 Rd6 30. Rh4 Qd8 31. Rch1 Qf6 32. Qe2 1-0

[Event "XVII Festival A"]
[Site "Cesenatico ITA"]
[Date "2013.09.07"]
[Round "8"]
[White "Schaufelberger, Heinz"]
[Black "Tomasini, Giovanni"]
[WhiteElo "2262"]
[BlackElo "2059"]
[Result "1-0"]
[PlyCount "89"]
[EventDate "2013.08.31"]

1. g3 Nf6 2. Bg2 d5 3. Nf3 c5 4. c4 e6 5. O-O Nc6 6. b3 Be7 7. Bb2 O-O 8. cxd5
exd5 9. d4 Ne4 10. Nc3 cxd4 11. Nxd4 f5 12. Nxc6 bxc6 13. Na4 Bf6 14. Qc2 Bd7
15. Rac1 Rc8 16. Rfd1 Qe7 17. e3 h5 18. Bxf6 Rxf6 19. Nc5 Re8 20. h4 Bc8 21. b4
Nd6 22. Nd3 Nc4 23. Nf4 Qxb4 24. Bxd5+ cxd5 25. Nxd5 Na3 26. Qxc8 Rxc8 27.
Rxc8+ Rf8 28. Nxb4 Rxc8 29. Rd5 g6 30. Ra5 Rc1+ 31. Kg2 Nc4 32. Rxa7 Nd2 33. f3
Nc4 34. e4 fxe4 35. fxe4 Ne3+ 36. Kf3 Ng4 37. Kf4 Rc4 38. Nd5 Nf2 39. Nf6+ Kf8
40. Kg5 Nxe4+ 41. Kxg6 Nxf6 42. Kxf6 Rc6+ 43. Ke5 Rc3 44. Kf4 Kg8 45. Ra5 1-0

[Event "XVII Festival A"]
[Site "Cesenatico ITA"]
[Date "2013.09.07"]
[Round "8"]
[White "Stella, Andrea"]
[Black "Lalic, Bogdan"]
[WhiteElo "2447"]
[BlackElo "2484"]
[Result "1/2-1/2"]
[PlyCount "22"]
[EventDate "2013.08.31"]

1. Nf3 c5 2. c4 Nc6 3. g3 g6 4. Bg2 Bg7 5. Nc3 e6 6. e3 Nge7 7. d4 cxd4 8. Nxd4
Nxd4 9. exd4 d5 10. cxd5 Nxd5 11. Nxd5 exd5 1/2-1/2

[Event "XVII Festival A"]
[Site "Cesenatico ITA"]
[Date "2013.09.07"]
[Round "8"]
[White "Xia, Jie"]
[Black "Sprotte, Norbert"]
[WhiteElo "2287"]
[BlackElo "2161"]
[Result "1-0"]
[PlyCount "43"]
[EventDate "2013.08.31"]

1. e4 e6 2. d4 d5 3. e5 c5 4. c3 Nc6 5. Nf3 Qb6 6. Bd3 cxd4 7. cxd4 Bd7 8. O-O
Nxd4 9. Nbd2 Bb5 10. Bxb5+ Nxb5 11. Nb3 Qd8 12. a4 Nc7 13. Be3 Nh6 14. Nfd4 g6
15. Rc1 Nf5 16. Nxf5 exf5 17. Nc5 b6 18. Nb7 Qd7 19. Rxc7 Qxc7 20. Qxd5 Rb8 21.
Nd6+ Bxd6 22. exd6 1-0

[Event "XVII Festival A"]
[Site "Cesenatico ITA"]
[Date "2013.09.08"]
[Round "9"]
[White "Cebalo, Miso"]
[Black "Mrdja, Milan"]
[WhiteElo "2440"]
[BlackElo "2377"]
[Result "1/2-1/2"]
[PlyCount "23"]
[EventDate "2013.08.31"]

1. d4 g6 2. c4 Bg7 3. e4 d6 4. Nc3 Nf6 5. Nf3 O-O 6. Be2 Nbd7 7. O-O e5 8. Qc2
Re8 9. dxe5 dxe5 10. Be3 Ng4 11. Bg5 Bf6 12. Bxf6 1/2-1/2

[Event "XVII Festival A"]
[Site "Cesenatico ITA"]
[Date "2013.09.08"]
[Round "9"]
[White "Distaso, Antonio"]
[Black "Brancaleoni, Maurizio"]
[WhiteElo "2119"]
[BlackElo "2248"]
[Result "1/2-1/2"]
[PlyCount "53"]
[EventDate "2013.08.31"]

1. e4 c5 2. Nf3 Nc6 3. d4 cxd4 4. Nxd4 Qb6 5. Nb3 Nf6 6. Nc3 e6 7. Bd3 d6 8.
O-O a6 9. Be3 Qc7 10. a4 b6 11. f4 Be7 12. Qf3 Bb7 13. Rad1 Nb4 14. Nd4 Nxd3
15. cxd3 O-O 16. Rc1 Qd8 17. Rc2 Rc8 18. Rfc1 g6 19. Nde2 Nd7 20. Bf2 d5 21. e5
Nc5 22. Nd4 Qd7 23. b3 f6 24. Qh3 fxe5 25. fxe5 a5 26. Ncb5 Ba6 27. Qg3 1/2-1/2

[Event "XVII Festival A"]
[Site "Cesenatico ITA"]
[Date "2013.09.08"]
[Round "9"]
[White "Dittmar, Peter"]
[Black "Lucchi, Lorenzo"]
[WhiteElo "2344"]
[BlackElo "2112"]
[Result "1-0"]
[PlyCount "111"]
[EventDate "2013.08.31"]

1. d4 d5 2. c4 c5 3. cxd5 Qxd5 4. Nf3 cxd4 5. Nc3 Qd8 6. Qxd4 Bd7 7. Ne5 Nf6 8.
Nxd7 Nbxd7 9. g3 e6 10. Bg2 Bc5 11. Qa4 O-O 12. O-O Nb6 13. Qb3 Nbd5 14. Nxd5
Nxd5 15. e4 Nf6 16. Be3 Bxe3 17. Qxe3 e5 18. Rfd1 Qe7 19. Rac1 b6 20. h4 Rfd8
21. Qc3 h6 22. Bf3 Rxd1+ 23. Rxd1 Qe6 24. Qc7 Qxa2 25. Qxe5 Re8 26. Qd4 Qb3 27.
Rd3 Qb5 28. Ra3 Qe5 29. Qxe5 Rxe5 30. Rxa7 Nxe4 31. Rb7 Nd2 32. Bc6 Nc4 33. b3
Na5 34. Rxb6 Nxc6 35. Rxc6 Re1+ 36. Kg2 Rb1 37. Rc3 g5 38. hxg5 hxg5 39. g4 f6
40. Kf3 Kf7 41. Ke4 Ke6 42. Rc6+ Ke7 43. Kf5 Rxb3 44. Re6+ Kf7 45. Rxf6+ Kg7
46. Kxg5 Rb4 47. f4 Rc4 48. Ra6 Rc7 49. f5 Rc4 50. Ra7+ Kh8 51. Kh5 Rf4 52. Kg5
Rb4 53. f6 Rc4 54. Kf5 Kg8 55. g5 Rc8 56. Ke4 1-0

[Event "XVII Festival A"]
[Site "Cesenatico ITA"]
[Date "2013.09.08"]
[Round "9"]
[White "Lalic, Bogdan"]
[Black "Zimina, Olga"]
[WhiteElo "2484"]
[BlackElo "2337"]
[Result "1-0"]
[PlyCount "103"]
[EventDate "2013.08.31"]

1. d4 d5 2. c4 c6 3. Nf3 Nf6 4. Nc3 a6 5. Ne5 e6 6. Bf4 Nbd7 7. e3 Nxe5 8. Bxe5
Be7 9. Rc1 O-O 10. Bd3 dxc4 11. Bxc4 c5 12. dxc5 Qxd1+ 13. Kxd1 Bxc5 14. Ke2
Bd7 15. Bd3 Bc6 16. Bxf6 gxf6 17. Be4 Rfc8 18. Bxc6 Rxc6 19. Ne4 Be7 20. Rxc6
bxc6 21. Rc1 f5 22. Nc5 a5 23. Nd3 Ra6 24. Ne5 Rb6 25. b3 a4 26. Rxc6 Rb5 27.
Rc8+ Kg7 28. Nc6 axb3 29. axb3 Bf6 30. b4 Rd5 31. Ra8 Bc3 32. Ra2 Kf8 33. Rc2
Bf6 34. Rc5 Rxc5 35. bxc5 Ke8 36. Kd3 Kd7 37. Nd4 Be5 38. h3 Kc7 39. Kc4 f4 40.
e4 Bf6 41. f3 Be5 42. Ne2 Kc6 43. Nc1 Bf6 44. Nd3 Be7 45. Ne5+ Kc7 46. Nxf7 Bf6
47. Kb5 Bh4 48. Ne5 Bf2 49. Nd3 Be3 50. c6 Kd6 51. e5+ Kc7 52. Nc5 1-0

[Event "XVII Festival A"]
[Site "Cesenatico ITA"]
[Date "2013.09.08"]
[Round "9"]
[White "Tomasini, Giovanni"]
[Black "Albano, Marco"]
[WhiteElo "2059"]
[BlackElo "2288"]
[Result "1-0"]
[PlyCount "101"]
[EventDate "2013.08.31"]

1. e4 c5 2. Nf3 Nc6 3. d4 cxd4 4. Nxd4 e5 5. Nf3 Nf6 6. Bg5 Qb6 7. Bxf6 gxf6 8.
b3 Bc5 9. Qd2 d6 10. a3 a5 11. Nc3 Be6 12. Na4 Qa7 13. Bb5 O-O-O 14. Bxc6 bxc6
15. O-O Rhg8 16. g3 Bb6 17. c4 Bc7 18. Qc3 Rg4 19. Rfe1 h5 20. c5 d5 21. exd5
cxd5 22. b4 Rc4 23. Qe3 d4 24. Qh6 Qb7 25. Qxf6 Bh3 26. Qxf7 Rc2 27. Qxh5 Bd7
28. Nb6+ Bxb6 29. cxb6 Rf8 30. Rac1 d3 31. Qxe5 Qxb6 32. Rxc2+ dxc2 33. Qc3+
Kb8 34. bxa5 Qf6 35. Qxf6 Rxf6 36. Nd4 Ba4 37. Rc1 Rd6 38. Nxc2 Rc6 39. Rb1+
Ka7 40. Nd4 Rc4 41. Ne2 Rc5 42. f4 Rxa5 43. g4 Bd7 44. g5 Rxa3 45. Ng3 Ra2 46.
Re1 Kb8 47. g6 Ra6 48. f5 Bxf5 49. g7 Bh7 50. Re8+ Kc7 51. Rh8 1-0